Missing Word: Four by Four by 'For' Quiz Stats

Quiz Updated May 3, 2016

Challenge
Share
Tweet
Embed
Score 0/16 Timer 03:00
0 Plays Today
clue Missing Word % Correct
Francis Ford Coppola (director)Now
97.5%
E.M. Forster (author)Room
95.7%
Foreigner (band)Time
95.6%
Foreigner (band)Cold
94.2%
Forest Whitaker (actor)Vietnam
93.5%
Foreigner (band)Box
92.8%
Forest Whitaker (actor)King
91.2%
Foreigner (band)Girl
89.4%
clue Missing Word % Correct
Forest Whitaker (actor)Game
86.8%
Francis Ford Coppola (director)Godfather
82%
E.M. Forster (author)End
78.4%
E.M. Forster (author)Passage
76.2%
E.M. Forster (author)Fear
69.1%
Forest Whitaker (actor)Great
63.1%
Francis Ford Coppola (director)Club
48.9%
Francis Ford Coppola (director)Dream
30.2%

Today's Daily Dose

Word Ladder
'90s Movies

Quick Pick
'Fire' Movies

On This Day
June 19th II

You're not logged in!

Compare scores with friends on all Sporcle quizzes.
Join for Free
OR
Log In

You Might Also Like...

Show Comments

Extras

Top Quizzes Today


Score Distribution

Your Account Isn't Verified!

In order to create a playlist on Sporcle, you need to verify the email address you used during registration. Go to your Sporcle Settings to finish the process.

Report this User

Report this user for behavior that violates our Community Guidelines.

Details: